E.J Alagoa Cultural intolerance in the Nigerian nation

Uloženo v:
Podrobná bibliografie
Hlavní autor: Alagoa, E.A
Médium: Kniha
Vydáno: National Theatre 2007
Tagy: Přidat tag
Žádné tagy, Buďte první, kdo vytvoří štítek k tomuto záznamu!

MARC

LEADER 00000nam a22000007a 4500
008 ||||| |||| 00| 0 eng d
020 |a 97803903415 
100 |a Alagoa, E.A 
245 |a E.J Alagoa  |b Cultural intolerance in the Nigerian nation  |c E.J. Alagoa  |g 32p 
260 |b National Theatre  |c 2007  |d Book  |h Lagos  |i 695613  |l DT 515.57 .Al1 
500 |a It includes bibliography 
942 |a lcc  |c BK  |e Olagoke, M.A  |f 08/06/2021 
952 |0 0  |1 0  |2 lcc  |4 0  |6 DT051557 A L1  |7 0  |9 2544  |a HOL  |b HOL  |d 2021-06-08  |l 0  |o DT515.57.Al1  |p 2021-6395  |r 2021-06-08 00:00:00  |w 2021-06-08  |y BK 
999 |c 1325  |d 1325